Bajo las estrellas : 12.000 años de historias bonaerenses /

Guardado en:
Autor Principal: Iannamico, Roberta
Otros Autores: Pupio, Alejandra, Domini, Clara, il., Palermo, Miguel Angel, pról.
Formato: Libro
Publicado: Bahía Blanca : Vacasagrada Ediciones, 2008
Materias:
Etiquetas: Agregar Etiqueta
Sin Etiquetas, Sea el primero en etiquetar este registro!
LEADER 01323nam a22003135a 4500
001 CEM.cems012942
008 130507s2008##################000#0#####d
005 20250602160546.0
245 1 0 |a Bajo las estrellas :  |b 12.000 años de historias bonaerenses /  |c Roberta Iannamico, Alejandra Pupio ; ilustraciones de Clara Domini ; prólogo de Miguel Angel Palermo 
260 |a Bahía Blanca :  |b Vacasagrada Ediciones,  |c 2008 
300 |a 140 p. 
590 |a 1301.015 
020 |a 9789872432508 
100 1 |a Iannamico, Roberta 
700 1 |a Pupio, Alejandra 
700 1 |a Domini, Clara, il. 
700 1 |a Palermo, Miguel Angel, pról. 
082 0 4 |a 982.1 
653 |a Historia de la provincia de buenos aires 
653 |a Buenos aires [prov.]-historia 
653 |a Caligrama 
653 |a Biblioteca TC 
859 |a CEMS  |b BIB. CEMS - Inicial y Primaria  |h 982.1  |i Ia5  |k IP  |p 7155  |t Ej.1 
859 |a CEMS  |b BIB. CEMS - 11 de abril  |h 982.1  |i Ia5  |p 25239.08  |t Ej.1  |v TC 
859 |a CEMS  |b BIB. CEMS - 11 de abril  |h 982.1  |i Ia5  |p 25240.08  |t Ej.2  |v TC 
859 |a CEMS  |b BIB. CEMS - 11 de abril  |h 982.1  |i Ia5  |p 27235.15  |t Ej.3  |v TC 
859 |a CEMS  |b BIB. CEMS - 11 de abril  |h 982.1  |i Ia5  |p 27236.15  |t Ej.4  |v TC 
859 |a CEMS  |b BIB. CEMS - 11 de abril  |h 982.1  |i Ia5  |p 27237.15  |t Ej.5  |v TC 
859 |a CEMS  |b BIB. CEMS - 11 de abril  |h TC  |p 1301.015  |t Ej.6